000 00333nab a22001097u 4500
008 130520b1984 xxu||||| |||| 00| 0 spa d
041 _aspa
100 1 _aShapiro, S.
_967340
245 0 2 _aA la escucha del testimonio de la negación radical
_cS. Shapiro
773 0 _tConcilium
_gV.2,1984,págs.175-186
_x0210-1041
_wRev134
942 _cAR
999 _c355127
_d355127